Radves informačný časopis Obecného úradu Radošovce

Bibliographic Details
Format: Journal
Language:Slovak
PhysicalDescription:zv. 30 cm
Published: Radošovce Obecný úrad Radošovce 2011-
Radošovce Obec Radošovce
ISSN:1338-8657
Subjects:
Online Access:http://www.radosovce.sk/obec-radosovce/radves

MARC

LEADER 00000cas a2200000 a 4500
001 vtls010476512
003 SK-MaSNL
005 20260228160359.0
008 121204c20119999xo r p 0 b0slo
022 |a 1338-8657 
040 |a SVKBB  |b slo  |c SVKBB  |d SNK  |e AACR2 
041 0 |a slo 
043 |a e-xo--- 
044 |a xo  |c SK 
072 7 |a 352/354  |x Stupne miestnej, oblastnej a ústrednej správy  |2 konspekt 
072 7 |a 316.7  |x Sociológia kultúry. Kultúrny život  |2 konspekt 
072 7 |a 394  |x Verejný a spoločenský život. Každodenný život  |2 konspekt 
080 |a 316.728  |2 2011 
080 |a 352  |2 2011 
080 |a (437.612)  |2 2011 
080 |a 050  |2 2011 
080 |a 394  |2 2011 
080 |a (051)+(054)  |2 2011 
210 0 |a Radves 
222 0 |a Radves 
245 0 0 |a Radves  |b informačný časopis Obecného úradu Radošovce 
260 |a Radošovce  |b Obecný úrad Radošovce  |c 2011- 
260 3 |3 [2012]-  |a Radošovce  |b Obec Radošovce 
300 |a zv.  |c 30 cm 
310 |a Občasník  |b 3/2018- 
321 |a 4x ročne  |b [2011]-2/2018 
362 0 |a Č. 1 (2011)- 
500 |a Podnázov od r. [2012]: informačný časopis obce Radošovce 
500 |a Registračné č.: EV 4522/12 
500 |a Zodpovedná redaktorka: [2011]- , Miroslava Kučerová 
650 0 7 |a miestna správa  |2 SNKPH  |9 29496 
650 0 7 |a každodenný život  |2 SNKPH  |9 4946 
651 7 |a Radošovce (Skalica, Slovensko)  |2 SNKPHgeo  |9 259219 
655 7 |a miestne periodiká  |2 SNKPH  |9 160938 
700 1 |a Kučerová, Miroslava  |4 lso  |9 266528 
856 4 1 |u http://www.radosovce.sk/obec-radosovce/radves 
910 |a snk 
999 |c 2322  |d 4252 
952 |0 0  |1 0  |3 -spolu zviazané r. 2013-2020 ;   |4 0  |7 0  |8 0  |a SNK  |b SNK  |d 2023-04-14  |i snk2023/6027  |l 0  |o snkČSB 7476/8/2018  |p 17A1520040  |r 2026-02-21 21:39:45  |t č. 1-3  |w 2026-02-21  |y PREZ  |z -spolu zviazané r. 2013-2020 ;  
952 |0 0  |1 0  |3 -spolu zviazané r. 2013-2020 ;   |4 0  |7 0  |8 0  |a SNK  |b SNK  |d 2023-04-14  |i snk2023/6027  |l 0  |o snkČSB 7476/9/2019  |p 17A1520039  |r 2026-02-21 21:39:45  |t č. 1-2  |w 2026-02-21  |y PREZ  |z -spolu zviazané r. 2013-2020 ;  
952 |0 0  |1 0  |3 -spolu zviazané r. 2013-2020 ;   |4 0  |7 0  |8 0  |a SNK  |b SNK  |d 2023-04-14  |i snk2023/6027  |l 0  |o snkČSB 7476/10/2020  |p 17A1520038  |r 2026-02-21 21:39:46  |t č. 1-2  |w 2026-02-21  |y PREZ  |z -spolu zviazané r. 2013-2020 ;  
952 |0 0  |1 0  |3 -spolu zviazané r. 2013-2020 ;   |4 0  |7 0  |8 0  |a SNK  |b SNK  |d 2023-04-14  |i snk2023/6027  |l 0  |o snkČSB 7476/3/2013  |p 17A1520045  |r 2026-02-21 21:39:49  |t č. 1-3, neúplné  |w 2026-02-21  |y PREZ  |z -chýba č. 1,2 - dostupné len v PDF formáte ; -spolu zviazané r. 2013-2020 ;  
952 |0 0  |1 0  |3 -spolu zviazané r. 2013-2020 ;   |4 0  |7 0  |8 0  |a SNK  |b SNK  |d 2023-04-14  |i snk2023/6027  |l 0  |o snkČSB 7476/4/2014  |p 17A1520044  |r 2026-02-21 21:39:50  |t č. 1-3, neúplné  |w 2026-02-21  |y PREZ  |z -chýba č. 1 - dostupné len v PDF formáte ; -spolu zviazané r. 2013-2020 ;  
952 |0 0  |1 0  |3 -spolu zviazané r. 2013-2020 ;   |4 0  |7 0  |8 0  |a SNK  |b SNK  |d 2023-04-14  |i snk2023/6027  |l 0  |o snkČSB 7476/5/2015  |p 17A1520043  |r 2026-02-21 21:39:50  |t č. 1-3, neúplné  |w 2026-02-21  |y PREZ  |z -chýba č. 2,3 - dostupné len v PDF formáte ; -spolu zviazané r. 2013-2020 ;  
952 |0 0  |1 0  |3 -spolu zviazané r. 2013-2020 ;   |4 0  |7 0  |8 0  |a SNK  |b SNK  |d 2023-04-14  |i snk2023/6027  |l 0  |o snkČSB 7476/6/2016  |p 17A1520042  |r 2026-02-21 21:39:50  |t č. 1-3  |w 2026-02-21  |y PREZ  |z -spolu zviazané r. 2013-2020 ;  
952 |0 0  |1 0  |3 -spolu zviazané r. 2013-2020 ;   |4 0  |7 0  |8 0  |a SNK  |b SNK  |d 2023-04-14  |i snk2023/6027  |l 0  |o snkČSB 7476/7/2017  |p 17A1520041  |r 2026-02-21 21:39:50  |t č. 1-2  |w 2026-02-21  |y PREZ  |z -spolu zviazané r. 2013-2020 ;